Systém environmentálneho manažmentu a distribúcie ako inovatívny proces v rámci distribučného kanála

Charakteristika a využitie systému environmentálneho manažmentu (EMS - Environmental management system). Všeobecné požiadavky kladené na EMS. Vývoj environmentálnej aktivity konkrétnej spoločnosti od jej zavedenia. Prínosy zavedenia environmentálnych opatrení. Environmentálny manažment a udržateľná...

Descrizione completa

Salvato in:
Dettagli Bibliografici
Autore principale: Mruškovičová, Juliana
Natura: Capitolo di libro
Lingua:slovacco
Soggetti:
Tags: Aggiungi Tag
Nessun Tag, puoi essere il primo ad aggiungerne!!

MARC

LEADER 00000naa$a2200000$$$4500
001 0225297
005 20240502073707.8
041 0 |a slo 
044 |a SK 
245 1 0 |a Systém environmentálneho manažmentu a distribúcie ako inovatívny proces v rámci distribučného kanála  |c Juliana Mruškovičová 
520 |a Charakteristika a využitie systému environmentálneho manažmentu (EMS - Environmental management system). Všeobecné požiadavky kladené na EMS. Vývoj environmentálnej aktivity konkrétnej spoločnosti od jej zavedenia. Prínosy zavedenia environmentálnych opatrení. Environmentálny manažment a udržateľná distribúcia. Kódex ekologického správania. 
610 2 0 |a systémy environmentálne manažérske 
610 2 0 |a ochrana prostredia životného 
610 2 0 |a kódexy 
610 2 0 |a ekológia 
610 2 0 |a distribúcia 
100 1 |a Mruškovičová, Juliana